[Event "X Campeonato de España de Veteranos"]
[Site "Mondariz Balneario, Pontevedra"]
[Date "2012.10.12"]
[Round "3.7"]
[White "Sarto Ramos, Angel"]
[Black "Lopez Colon, Francisco"]
[Result "0-1"]
[WhiteElo "2000"]
[BlackElo "2093"]
[PlyCount "206"]
[EventDate "2012.10.10"]

1. d4 Nf6 2. Nf3 g6 3. Bf4 Bg7 4. Nc3 d5 5. h3 Bf5 6. g4 Be4 7. Nxe4 Nxe4 8. e3
c6 9. Bd3 Nd6 10. Qe2 Qa5+ 11. c3 Nd7 12. h4 O-O-O 13. a4 Nf6 14. b4 Qc7 15.
Ne5 Rdf8 16. f3 Nd7 17. Nxd7 Qxd7 18. b5 c5 19. dxc5 Bxc3+ 20. Kf2 e5 21. Bh6
Bxa1 22. cxd6 Bc3 23. Rc1 d4 24. Bxf8 Rxf8 25. exd4 exd4 26. Qe5 Kb8 27. b6
axb6 28. Bb5 Qe6 29. Qf4 Qa2+ 30. Kg3 Bd2 31. Qe5 Bxc1 32. Qe7 Rc8 33. d7 Qd5
34. dxc8=Q+ Kxc8 35. Qe8+ Kc7 36. Qe7+ Kb8 37. Bd3 Qe6 38. Qd8+ Ka7 39. Qxd4
Qe1+ 40. Qf2 Qe5+ 41. Kg2 Bf4 42. Qe2 Qa1 43. Bb5 Bd6 44. Qf2 Qe5 45. Kh1 Bc5
46. Qg2 Qe1+ 47. Qf1 Qxh4+ 48. Kg2 Bd6 49. Qf2 Qh2+ 50. Kf1 Qe5 51. Qe2 Qa1+
52. Qe1 Qa3 53. Kg2 Bc5 54. Qe2 Qa1 55. Qf1 Qd4 56. Kh2 h5 57. gxh5 gxh5 58.
Qg2 h4 59. Qg4 Qf2+ 60. Qg2 Qe1 61. Kh3 f5 62. Bf1 Be7 63. Be2 Kb8 64. Bb5 Ka7
65. Be2 Bf6 66. Bb5 Be5 67. Be2 Bg3 68. Qf1 Qb4 69. Bb5 Qf4 70. Qe2 Qc1 71. Qg2
Qc8 72. Qd2 f4+ 73. Bd7 Qc5 74. Qe2 Qg1 75. Qg2 Qd1 76. Bb5 Qd5 77. Qe2 Qf5+
78. Kg2 h3+ 79. Kg1 Qc5+ 80. Kh1 h2 81. Qg2 Qc1+ 82. Qf1 Qb2 83. Qe2 Qd4 84.
Qg2 Qd6 85. Be2 Kb8 86. Bb5 Qd4 87. Qf1 Kc7 88. Qc4+ Qc5 89. Kg2 Kb8 90. Qf1
Kc7 91. Qc4 Kd6 92. Qd3+ Ke5 93. Qe2+ Kf6 94. Qf1 Kg5 95. Bd3 Qd4 96. Be2 Qxa4
97. Qb1 Qd4 98. Kh3 Qg1 99. Qb5+ Qc5 100. Qb1 b5 101. Qf1 b4 102. Qa1 Qc3 103.
Qa5+ Kh6 0-1